[Event "GER-ch Net blitz qual3"]
[Site "Playchess.com INT"]
[Date "2021.05.07"]
[Round "3"]
[White "Braun, Ingram H"]
[Black "Buring, Matthias"]
[Result "1-0"]
[WhiteElo "1968"]
[BlackElo "1745"]
[PlyCount "37"]
[EventDate "2021.05.07"]
[EventType "swiss (blitz)"]
[EventRounds "11"]
[EventCountry "GER"]
[SourceTitle "CBM 202 Extra"]
[Source "ChessBase"]
[SourceDate "2021.07.31"]
[SourceVersion "1"]
[SourceVersionDate "2021.07.31"]
[SourceQuality "1"]

1. e4 e5 2. Nc3 Nf6 3. g3 d5 4. exd5 Nxd5 5. Bg2 c6 6. Nf3 Bd6 7. 0-0 0-0 8. Re1 Re8 9. d4 Nxc3 10. bxc3 e4 11. Ng5 e3 12. Qh5 exf2+ 13. Kxf2 Qf6+ 14. Bf4 Be6 15. Qxh7+ Kf8 16. Ne4 Bf5 17. Bxd6+ Qxd6 18. Nxd6 Rxe1 19. Rxe1 1-0

[Event "GER-ch Net blitz qual3"]
[Site "Playchess.com INT"]
[Date "2021.05.07"]
[Round "9"]
[White "Braun, Ingram H"]
[Black "Leidorf, Sebastian"]
[Result "0-1"]
[WhiteElo "1968"]
[BlackElo "1788"]
[PlyCount "102"]
[EventDate "2021.05.07"]
[EventType "swiss (blitz)"]
[EventRounds "11"]
[EventCountry "GER"]
[SourceTitle "CBM 202 Extra"]
[Source "ChessBase"]
[SourceDate "2021.07.31"]
[SourceVersion "1"]
[SourceVersionDate "2021.07.31"]
[SourceQuality "1"]

1. e4 c6 2. d4 d5 3. e5 Bf5 4. Be3 e6 5. c3 Qb6 6. Qb3 Qxb3 7. axb3 Nd7 8. Nd2 a6 9. f4 Ne7 10. Ngf3 Bg4 11. Be2 Nf5 12. Bf2 h5 13. h3 Bxf3 14. Bxf3 h4 15. Ke2 Be7 16. b4 Nb6 17. Nb3 0-0 18. Kd3 Nc4 19. Kc2 Rab8 20. Rhe1 g5 21. Bg4 gxf4 22. Bxf5 exf5 23. Nc5 Bg5 24. Nd7 Rbe8 25. Nxf8 Kxf8 26. b3 Ne3+ 27. Bxe3 fxe3 28. Kd3 f4 29. Ke2 Kg7 30. Kf3 Kg6 31. Ra2 f6 32. exf6 Kxf6 33. Kg4 Re4 34. Rf1 Kg6 35. Re2 Kf6 36. Kf3 Kf5 37. Ra1 Be7 38. Rd1 Re6 39. Rf1 Rg6 40. g4+ hxg3 41. Kg2 Ke4 42. Rf3 Bg5 43. Re1 Rh6 44. Re2 Kd3 45. Re1 Kxc3 46. Re2 Kd3 47. Ra2 Kxd4 48. Rc2 Re6 49. Rc1 Kd3 50. Re1 Kd2 51. Kf1 e2+ 0-1

[Event "GER-ch Net blitz qual3"]
[Site "Playchess.com INT"]
[Date "2021.05.07"]
[Round "1"]
[White "Eichner, Christian"]
[Black "Braun, Ingram H"]
[Result "1-0"]
[WhiteElo "1634"]
[BlackElo "1968"]
[PlyCount "59"]
[EventDate "2021.05.07"]
[EventType "swiss (blitz)"]
[EventRounds "11"]
[EventCountry "GER"]
[SourceTitle "CBM 202 Extra"]
[Source "ChessBase"]
[SourceDate "2021.07.31"]
[SourceVersion "1"]
[SourceVersionDate "2021.07.31"]
[SourceQuality "1"]

1. e4 c5 2. Nf3 e6 3. c3 Nf6 4. e5 Nd5 5. Bc4 d6 6. d4 cxd4 7. cxd4 Nc6 8. 0-0 Be7 9. Nc3 Nxc3 10. bxc3 dxe5 11. dxe5 Qxd1 12. Rxd1 0-0 13. Rb1 Bc5 14. Bf4 h6 15. h4 Rd8 16. Be2 Kf8 17. Rb5 Be7 18. Nd4 Nxd4 19. Rxd4 b6 20. Bf3 Rb8 21. a4 Ba6 22. Rb1 Rbc8 23. Rbd1 Rxd4 24. cxd4 Rc4 25. d5 exd5 26. Bxd5 Rxa4 27. Be3 Bxh4 28. g3 Be7 29. Bc6 h5 30. Bxa4 1-0

[Event "GER-ch Net blitz qual3"]
[Site "Playchess.com INT"]
[Date "2021.05.07"]
[Round "2"]
[White "Hunder, Frank"]
[Black "Braun, Ingram H"]
[Result "0-1"]
[WhiteElo "1627"]
[BlackElo "1968"]
[PlyCount "102"]
[EventDate "2021.05.07"]
[EventType "swiss (blitz)"]
[EventRounds "11"]
[EventCountry "GER"]
[SourceTitle "CBM 202 Extra"]
[Source "ChessBase"]
[SourceDate "2021.07.31"]
[SourceVersion "1"]
[SourceVersionDate "2021.07.31"]
[SourceQuality "1"]

1. e4 c5 2. Bc4 e6 3. a3 Nc6 4. c3 Nf6 5. d3 d5 6. exd5 exd5 7. Ba2 Bd6 8. Nf3 0-0 9. 0-0 Bg4 10. h3 Bh5 11. Bg5 h6 12. Bh4 Re8 13. Nbd2 Bc7 14. Qc2 Qd6 15. Bg3 Qd7 16. Bxc7 Qxc7 17. Rae1 Bg6 18. Nh4 Bh7 19. Bb1 c4 20. Qd1 cxd3 21. Ndf3 g5 22. Nxg5 hxg5 23. Nf3 Qf4 24. Bxd3 Ne4 25. Bb5 Rad8 26. Qb3 Bg6 27. Be2 Re7 28. Qb5 Red7 29. c4 d4 30. Rd1 d3 31. Ne5 Qxe5 32. Bg4 Re7 33. f3 Qd4+ 34. Kh1 Nf2+ 35. Rxf2 Qxf2 36. Qxg5 Re1+ 37. Rxe1 Qxe1+ 38. Kh2 Qe5+ 39. Qxe5 Nxe5 40. f4 Nxg4+ 41. hxg4 d2 42. f5 d1Q 43. fxg6 Qd6+ 44. g3 Qd2+ 45. Kh3 Qh6+ 46. Kg2 Rd2+ 47. Kf3 Qxg6 48. Kf4 Qd3 49. b4 Rf2+ 50. Kg5 Qg6+ 51. Kh4 Rh2# 0-1

[Event "GER-ch Net blitz qual3"]
[Site "Playchess.com INT"]
[Date "2021.05.07"]
[Round "6"]
[White "Tebelmann, Lars"]
[Black "Braun, Ingram H"]
[Result "1-0"]
[WhiteElo "1802"]
[BlackElo "1968"]
[PlyCount "43"]
[EventDate "2021.05.07"]
[EventType "swiss (blitz)"]
[EventRounds "11"]
[EventCountry "GER"]
[SourceTitle "CBM 202 Extra"]
[Source "ChessBase"]
[SourceDate "2021.07.31"]
[SourceVersion "1"]
[SourceVersionDate "2021.07.31"]
[SourceQuality "1"]

1. c4 e5 2. Nc3 Nc6 3. Nf3 g6 4. d4 exd4 5. Nxd4 Bg7 6. Nxc6 bxc6 7. g3 Nf6 8. Bg2 0-0 9. 0-0 Re8 10. Bf4 Rb8 11. b3 Bb7 12. Qc2 d6 13. Rad1 c5 14. Bxb7 Rxb7 15. Na4 Qe7 16. Rfe1 Ne4 17. Bc1 Rbb8 18. Bb2 Bxb2 19. Qxb2 Qe6 20. f3 Nf6 21. e4 Qh3 22. Qxf6 1-0

[Event "GER-ch Net blitz qual2"]
[Site "Playchess.com INT"]
[Date "2021.05.04"]
[Round "5"]
[White "Braun, Ingram H"]
[Black "Mao, Kevin"]
[Result "1/2-1/2"]
[WhiteElo "1963"]
[BlackElo "1735"]
[PlyCount "67"]
[EventDate "2021.05.04"]
[EventType "swiss (blitz)"]
[EventRounds "11"]
[EventCountry "GER"]
[SourceTitle "CBM 202 Extra"]
[Source "ChessBase"]
[SourceDate "2021.07.31"]
[SourceVersion "1"]
[SourceVersionDate "2021.07.31"]
[SourceQuality "1"]

1. e4 e5 2. Nc3 Nc6 3. f4 exf4 4. Nf3 Nge7 5. d4 d5 6. Bxf4 dxe4 7. Nxe4 Ng6 8. Bg3 Be7 9. Bc4 Bg4 10. c3 0-0 11. 0-0 Na5 12. Bd3 f5 13. Nf2 Bxf3 14. Qxf3 f4 15. Bxg6 fxg3 16. Bxh7+ Kxh7 17. Qxg3 Rf6 18. Ng4 Rxf1+ 19. Rxf1 Bd6 20. Qd3+ Kg8 21. Qg6 Kh8 22. Qh5+ Kg8 23. Qxa5 Qh4 24. h3 Re8 25. Qd5+ Kh8 26. Qf3 Rf8 27. Qe2 Rxf1+ 28. Qxf1 Qg5 29. Qe2 Qc1+ 30. Kf2 Qf4+ 31. Kg1 Qc1+ 32. Kf2 Qf4+ 33. Ke1 Qc1+ 34. Kf2 1/2-1/2

[Event "GER-ch Net blitz qual2"]
[Site "Playchess.com INT"]
[Date "2021.05.04"]
[Round "4"]
[White "Weidenhoefer, Max"]
[Black "Braun, Ingram H"]
[Result "1-0"]
[WhiteElo "1746"]
[BlackElo "1963"]
[PlyCount "71"]
[EventDate "2021.05.04"]
[EventType "swiss (blitz)"]
[EventRounds "11"]
[EventCountry "GER"]
[SourceTitle "CBM 202 Extra"]
[Source "ChessBase"]
[SourceDate "2021.07.31"]
[SourceVersion "1"]
[SourceVersionDate "2021.07.31"]
[SourceQuality "1"]

1. e4 c5 2. Nf3 e6 3. d4 cxd4 4. Nxd4 a6 5. Nc3 Qc7 6. f4 d6 7. Be3 Nd7 8. Qf3 Ngf6 9. 0-0-0 b5 10. g4 b4 11. Nce2 Bb7 12. Ng3 Nc5 13. Bd3 Rc8 14. Kb1 Be7 15. g5 Nfd7 16. h4 g6 17. h5 e5 18. hxg6 fxg6 19. Nde2 Nxd3 20. cxd3 b3 21. a3 d5 22. Rc1 dxe4 23. dxe4 Qd8 24. f5 Rxc1+ 25. Nxc1 Nc5 26. fxg6 Rf8 27. Qh5 hxg6 28. Qxg6+ Kd7 29. Rd1+ Kc8 30. Rxd8+ Rxd8 31. Nf5 Bf8 32. Bxc5 Bxc5 33. Qe6+ Kb8 34. Qxe5+ Bd6 35. Nxd6 Ka8 36. Nxb7 1-0

[Event "GER-ch Net blitz qual1"]
[Site "Playchess.com INT"]
[Date "2021.04.24"]
[Round "3"]
[White "Braun, Ingram H"]
[Black "Foerster, Erik"]
[Result "0-1"]
[WhiteElo "1952"]
[BlackElo "2304"]
[PlyCount "66"]
[EventDate "2021.04.24"]
[EventType "swiss (blitz)"]
[EventRounds "11"]
[EventCountry "GER"]
[SourceTitle "CBM 202 Extra"]
[Source "ChessBase"]
[SourceDate "2021.07.31"]
[SourceVersion "1"]
[SourceVersionDate "2021.07.31"]
[SourceQuality "1"]

1. e4 d5 2. exd5 Qxd5 3. Nc3 Qd8 4. Bc4 Nf6 5. d3 Bf5 6. h3 e6 7. Nf3 Nbd7 8. Bg5 Be7 9. Qe2 a6 10. Bb3 Nc5 11. Bc4 b5 12. Bb3 Nxb3 13. axb3 0-0 14. 0-0 h6 15. Bf4 Nd5 16. Nxd5 exd5 17. Nd4 Bd7 18. Rfe1 Re8 19. Qf3 c5 20. Ne2 d4 21. Ng3 Be6 22. Ra2 Bd5 23. Qh5 Bb7 24. Raa1 Bf8 25. Rxe8 Qxe8 26. Nf5 Qe6 27. Qg4 Bc8 28. Nxh6+ Qxh6 29. Qxc8 Rxc8 30. Bxh6 gxh6 31. Rxa6 b4 32. g3 Re8 33. Kg2 Re2 0-1

[Event "GER-ch Net blitz qual1"]
[Site "Playchess.com INT"]
[Date "2021.04.24"]
[Round "11"]
[White "Braun, Ingram H"]
[Black "Grafl, Florian"]
[Result "0-1"]
[WhiteElo "1952"]
[BlackElo "2320"]
[PlyCount "60"]
[EventDate "2021.04.24"]
[EventType "swiss (blitz)"]
[EventRounds "11"]
[EventCountry "GER"]
[SourceTitle "CBM 202 Extra"]
[Source "ChessBase"]
[SourceDate "2021.07.31"]
[SourceVersion "1"]
[SourceVersionDate "2021.07.31"]
[SourceQuality "1"]

1. e4 d5 2. exd5 Qxd5 3. Nc3 Qd6 4. g3 Nf6 5. Bg2 Nc6 6. Nf3 Bg4 7. 0-0 0-0-0 8. h3 Bh5 9. d3 e5 10. Re1 h6 11. g4 Bg6 12. Qe2 Re8 13. Nh4 Nd4 14. Qd1 Bh7 15. Be3 Nc6 16. Nb5 Qb4 17. c4 a6 18. a3 Qe7 19. Bxc6 bxc6 20. Na7+ Kb7 21. Qa4 Qd7 22. b4 Ra8 23. b5 cxb5 24. cxb5 axb5 25. Qa5 Nd5 26. Rab1 Bxd3 27. a4 Nxe3 28. Rxb5+ Bxb5 29. axb5 Rxa7 30. Qb4 Bxb4 0-1

[Event "GER-ch Net blitz qual1"]
[Site "Playchess.com INT"]
[Date "2021.04.24"]
[Round "8"]
[White "Speck, Stefan"]
[Black "Braun, Ingram H"]
[Result "0-1"]
[WhiteElo "1654"]
[BlackElo "1952"]
[PlyCount "70"]
[EventDate "2021.04.24"]
[EventType "swiss (blitz)"]
[EventRounds "11"]
[EventCountry "GER"]
[SourceTitle "CBM 202 Extra"]
[Source "ChessBase"]
[SourceDate "2021.07.31"]
[SourceVersion "1"]
[SourceVersionDate "2021.07.31"]
[SourceQuality "1"]

1. e4 c5 2. Nf3 e6 3. d4 cxd4 4. Nxd4 a6 5. Nc3 Qc7 6. Bd3 Nf6 7. Be3 Bc5 8. Qe2 d6 9. h3 Nbd7 10. Nb3 Bxe3 11. Qxe3 b5 12. f4 Bb7 13. 0-0-0 Rc8 14. Kb1 0-0 15. Rhg1 b4 16. Ne2 a5 17. g4 a4 18. Nbc1 Nc5 19. Ng3 Nxd3 20. Qxd3 d5 21. exd5 Nxd5 22. f5 a3 23. Rd2 axb2 24. Nb3 Nc3+ 25. Kxb2 Rfd8 26. Qe3 Rxd2 27. Qxd2 Ra8 28. Ra1 Qxg3 29. f6 Qe5 30. Kc1 Ne4 31. Qd7 Bd5 32. Rb1 Qf4+ 33. Kb2 Qxf6+ 34. Kc1 Nc3 35. Rb2 Qf1+ 0-1

[Event "DSOL 02 Liga Gr-C 1st"]
[Site "Playchess.com INT"]
[Date "2020.07.22"]
[Round "5.3"]
[White "Braun, Ingram H"]
[Black "Erler, Rainer"]
[Result "0-1"]
[WhiteElo "2023"]
[BlackElo "2020"]
[PlyCount "66"]
[EventDate "2020.06.22"]
[EventType "team-tourn (rapid)"]
[EventCountry "GER"]
[SourceTitle "EXT 2021"]
[Source "ChessBase"]
[SourceDate "2020.10.23"]
[SourceVersion "1"]
[SourceVersionDate "2020.10.23"]
[SourceQuality "1"]
[WhiteTeam "Gottingen Rot-Weiss"]
[BlackTeam "Dessau"]
[WhiteTeamCountry "GER"]
[BlackTeamCountry "GER"]

1. e4 e5 2. Nc3 Nf6 3. g3 Bc5 4. Bg2 Nc6 5. Nge2 0-0 6. d3 a6 7. h3 d6 8. 0-0 b5 9. a3 h6 10. Kh1 Bb7 11. f4 Re8 12. Bd2 Nd4 13. Nxd4 Bxd4 14. Rb1 d5 15. Nxd5 Nxd5 16. exd5 Bxd5 17. c3 Bb6 18. fxe5 Bxg2+ 19. Kxg2 Qxd3 20. Bf4 Qe4+ 21. Kh2 g5 22. Qg4 Qg6 23. Rbe1 gxf4 24. Qxf4 Rad8 25. Re4 Rd2+ 26. Kh1 Rd3 27. Kh2 c5 28. Qh4 Bd8 29. Qf4 Bg5 30. Qg4 h5 31. Qf5 Rd2+ 32. Kh1 Rd5 33. h4 Bh6 0-1

[Event "DSOL 02 Liga Gr-C 1st"]
[Site "Playchess.com INT"]
[Date "2020.07.08"]
[Round "3.3"]
[White "Braun, Ingram H"]
[Black "Offermanns, Robert"]
[Result "0-1"]
[WhiteElo "2023"]
[BlackElo "1778"]
[PlyCount "124"]
[EventDate "2020.06.22"]
[EventType "team-tourn (rapid)"]
[EventCountry "GER"]
[SourceTitle "EXT 2021"]
[Source "ChessBase"]
[SourceDate "2020.10.23"]
[SourceVersion "1"]
[SourceVersionDate "2020.10.23"]
[SourceQuality "1"]
[WhiteTeam "Gottingen Rot-Weiss"]
[BlackTeam "Brand SF"]
[WhiteTeamCountry "GER"]
[BlackTeamCountry "GER"]

1. e4 d5 2. exd5 Qxd5 3. Nc3 Qd6 4. d4 c6 5. g3 Bf5 6. Bf4 Qd8 7. Bg2 e6 8. Nf3 Nf6 9. 0-0 Bd6 10. Bg5 Be7 11. Qd2 Ne4 12. Nxe4 Bxe4 13. Be3 Nd7 14. Rfe1 Nf6 15. c4 0-0 16. Rad1 a5 17. a3 Ng4 18. Bf4 Bf5 19. h3 Nf6 20. Ne5 Nd7 21. Qc3 Nxe5 22. dxe5 Qc7 23. Re2 Rfd8 24. Red2 Rxd2 25. Rxd2 Rd8 26. Kh2 h6 27. Bf3 g5 28. Be3 Rxd2 29. Bxd2 b6 30. Be3 c5 31. Bd2 Qd7 32. Qe3 Qd3 33. Be2 Qxe3 34. Bxe3 Bd8 35. f4 Kg7 36. Kg2 Kg6 37. g4 Be4+ 38. Kg3 Bc7 39. h4 f6 40. h5+ Kf7 41. exf6 Kxf6 42. Bd2 gxf4+ 43. Bxf4 Bxf4+ 44. Kxf4 Bc2 45. Ke3 Kg5 46. Kd2 Bb1 47. Kc3 e5 48. b4 Kf4 49. bxa5 bxa5 50. Kb3 Ke3 51. Bd1 Kd2 52. Kb2 Bd3 53. Ba4 e4 54. Be8 e3 55. Bg6 e2 56. g5 e1Q 57. Bxd3 Kxd3 58. g6 Qe5+ 59. Kb3 Qxh5 60. g7 Qg6 61. g8R Qxg8 62. Ka4 Kxc4 0-1

[Event "GER-ch NSV Online 1st"]
[Site "Playchess.com INT"]
[Date "2020.04.26"]
[Round "1"]
[White "Braun, Ingram H"]
[Black "Grave, Lukas"]
[Result "1-0"]
[WhiteElo "2055"]
[BlackElo "1451"]
[PlyCount "63"]
[EventDate "2020.04.26"]
[EventType "swiss (blitz)"]
[EventRounds "13"]
[EventCountry "GER"]
[SourceTitle "CBM 196 Extra"]
[Source "ChessBase"]
[SourceDate "2020.07.31"]
[SourceVersion "1"]
[SourceVersionDate "2020.07.31"]
[SourceQuality "1"]

1. e4 e5 2. Nc3 Nc6 3. f4 d6 4. Nf3 Bg4 5. Bc4 Nf6 6. 0-0 Be7 7. d3 0-0 8. Be3 a6 9. Qd2 b5 10. Bb3 Na5 11. Qf2 c5 12. Nd5 Nxd5 13. a3 Nf6 14. Ba2 Nc6 15. Rae1 a5 16. Nd2 b4 17. f5 Nd4 18. Nc4 bxa3 19. bxa3 a4 20. h3 Bh5 21. g4 Bxg4 22. hxg4 Nxg4 23. Qg2 Nxe3 24. Rxe3 h6 25. Rg3 Bg5 26. Ne3 Rb8 27. Nd5 Rb2 28. Bb1 Qb8 29. f6 g6 30. Rxg5 hxg5 31. Ne7+ Kh8 32. Qh3# 1-0

[Event "GER-ch NSV Online 1st"]
[Site "Playchess.com INT"]
[Date "2020.04.26"]
[Round "2"]
[White "Helmer, Christoph"]
[Black "Braun, Ingram H"]
[Result "0-1"]
[WhiteElo "2207"]
[BlackElo "2055"]
[PlyCount "82"]
[EventDate "2020.04.26"]
[EventType "swiss (blitz)"]
[EventRounds "13"]
[EventCountry "GER"]
[SourceTitle "CBM 196 Extra"]
[Source "ChessBase"]
[SourceDate "2020.07.31"]
[SourceVersion "1"]
[SourceVersionDate "2020.07.31"]
[SourceQuality "1"]

1. e4 c5 2. Nf3 e6 3. d4 cxd4 4. Nxd4 a6 5. c4 Nf6 6. Nc3 Qc7 7. a3 Nc6 8. Be3 b6 9. Rc1 Bb7 10. f3 Bd6 11. Ndb5 axb5 12. Nxb5 Bg3+ 13. hxg3 Qxg3+ 14. Bf2 Qb8 15. Qd6 Ba6 16. Bg3 Qxd6 17. Bxd6 Bxb5 18. cxb5 Ne7 19. g4 Rc8 20. Kd2 Rxc1 21. Kxc1 Nc8 22. Bb4 d6 23. Be2 Nd7 24. Bc3 f6 25. Bc4 Ke7 26. b4 Ne5 27. Be2 Kd7 28. Kb2 Ne7 29. a4 N7g6 30. a5 Nf4 31. Bf1 Nxf3 32. a6 h6 33. Kb3 Rc8 34. Bc4 Ne5 35. Bxe5 fxe5 36. Rc1 d5 37. exd5 exd5 38. Bd3 Rxc1 39. Bf5+ Kc7 40. Kb2 Rc4 41. a7 Kb7 0-1

[Event "GER-ch NSV Online 1st"]
[Site "Playchess.com INT"]
[Date "2020.04.26"]
[Round "11"]
[White "Kettner Nikolaus, Frank"]
[Black "Braun, Ingram H"]
[Result "1-0"]
[WhiteElo "1950"]
[BlackElo "2055"]
[PlyCount "111"]
[EventDate "2020.04.26"]
[EventType "swiss (blitz)"]
[EventRounds "13"]
[EventCountry "GER"]
[SourceTitle "CBM 196 Extra"]
[Source "ChessBase"]
[SourceDate "2020.07.31"]
[SourceVersion "1"]
[SourceVersionDate "2020.07.31"]
[SourceQuality "1"]

1. f4 d5 2. Nf3 c5 3. b3 Nc6 4. e3 Nf6 5. Bb5 Bd7 6. Bb2 g6 7. 0-0 Bg7 8. d3 0-0 9. Nbd2 Rc8 10. Bxc6 Bxc6 11. Qe1 Bd7 12. Ne5 Ne8 13. Rb1 f6 14. Nef3 Nd6 15. e4 dxe4 16. Nxe4 Nf5 17. g4 Nd6 18. h3 Bc6 19. Rd1 b6 20. a4 Qc7 21. Ng3 Rce8 22. Qe6+ Kh8 23. f5 Bd7 24. Qe3 e5 25. fxg6 hxg6 26. Nh4 Kh7 27. Ne4 Nxe4 28. Qxe4 f5 29. gxf5 gxf5 30. Nxf5 Bxf5 31. Rxf5 Rxf5 32. Qxf5+ Kg8 33. Rf1 Qe7 34. Qg4 Qe6 35. Qg3 Rf8 36. Rxf8+ Kxf8 37. Qf3+ Kg8 38. Qg4 Qxg4+ 39. hxg4 Kf7 40. Kg2 Kg6 41. Kf3 Bf6 42. Ke4 Kg5 43. Bxe5 Be7 44. Bb8 a6 45. Ba7 b5 46. axb5 axb5 47. Kd5 c4 48. dxc4 bxc4 49. bxc4 Kxg4 50. c5 Kf5 51. c6 Bd8 52. Kd6 Ke4 53. Kd7 Ba5 54. c4 Kd3 55. c5 Kc4 56. Bb6 1-0

[Event "Vellmar op 11th"]
[Site "Vellmar"]
[Date "2019.07.07"]
[Round "6"]
[White "Moeckel, Jens"]
[Black "Braun, Ingram H"]
[Result "1/2-1/2"]
[WhiteElo "1859"]
[BlackElo "2050"]
[PlyCount "29"]
[EventDate "2019.07.04"]
[EventType "swiss"]
[EventRounds "7"]
[EventCountry "GER"]
[SourceTitle "CBM 191 Extra"]
[Source "ChessBase"]
[SourceDate "2019.09.30"]
[SourceVersion "1"]
[SourceVersionDate "2019.09.30"]
[SourceQuality "1"]

1. d4 d5 2. Nf3 Nf6 3. g3 e6 4. Bg2 Be7 5. 0-0 0-0 6. a4 c5 7. dxc5 Bxc5 8. b3 Nc6 9. Bb2 b6 10. Ne5 Nxe5 11. Bxe5 Ba6 12. Bf3 Rc8 13. c3 Bd6 14. Bxd6 Qxd6 15. b4 1/2-1/2

[Event "Niedersachsen-ch"]
[Site "Verden"]
[Date "2019.01.05"]
[Round "6"]
[White "Pubantz, Jan"]
[Black "Braun, Ingram H"]
[Result "1-0"]
[WhiteElo "2102"]
[BlackElo "2038"]
[PlyCount "73"]
[EventDate "2019.01.03"]
[EventType "swiss"]
[EventRounds "7"]
[EventCountry "GER"]
[SourceTitle "EXT 2022"]
[Source "ChessBase"]
[SourceDate "2021.10.06"]
[SourceVersion "1"]
[SourceVersionDate "2021.10.06"]
[SourceQuality "1"]

1. d4 c5 2. d5 d6 3. e4 g6 4. Nc3 Bg7 5. Bb5+ Bd7 6. a4 Nf6 7. Nf3 0-0 8. h3 Na6 9. 0-0 Nb4 10. Re1 e5 11. Bf1 h6 12. Nb1 Ne8 13. c3 Na6 14. b4 Rc8 15. Ba3 cxb4 16. cxb4 f5 17. Nbd2 f4 18. Rc1 Rxc1 19. Qxc1 g5 20. b5 Nb8 21. Nc4 Rf6 22. Nfxe5 dxe5 23. Nxe5 h5 24. Nc4 g4 25. e5 Rf5 26. e6 Rxd5 27. exd7 Nxd7 28. Qxf4 gxh3 29. Qe4 Nef6 30. Qe6+ Kh8 31. Nd6 Rxd6 32. Bxd6 hxg2 33. Bxg2 b6 34. Qe7 Qc8 35. Bh3 Qc3 36. Bxd7 Nxd7 37. Qe8+ 1-0

[Event "Vellmar op 10th"]
[Site "Vellmar"]
[Date "2018.07.14"]
[Round "4"]
[White "Jungklaus, Lars"]
[Black "Braun, Ingram H"]
[Result "1/2-1/2"]
[WhiteElo "1742"]
[BlackElo "2065"]
[PlyCount "33"]
[EventDate "2018.07.12"]
[EventType "swiss"]
[EventRounds "7"]
[EventCountry "GER"]
[SourceTitle "CBM 185 Extra"]
[Source "ChessBase"]
[SourceDate "2018.07.29"]
[SourceVersion "1"]
[SourceVersionDate "2018.07.29"]
[SourceQuality "1"]

1. d4 c5 2. Nf3 cxd4 3. Nxd4 d5 4. Nc3 Nf6 5. Bg5 e6 6. e4 dxe4 7. Nxe4 Qa5+ 8. Qd2 Qxd2+ 9. Nxd2 a6 10. 0-0-0 Bc5 11. N4b3 Be7 12. g3 Bd7 13. Bg2 Bc6 14. Bxc6+ Nxc6 15. Nc4 Nd5 16. Bxe7 Kxe7 17. Nd4 1/2-1/2

[Event "Vellmar op 9th"]
[Site "Vellmar"]
[Date "2017.07.15"]
[Round "4"]
[White "Humburg, Philipp"]
[Black "Braun, Ingram H"]
[Result "0-1"]
[WhiteElo "2229"]
[BlackElo "2003"]
[PlyCount "130"]
[EventDate "2017.07.13"]
[EventType "swiss"]
[EventRounds "7"]
[EventCountry "GER"]
[SourceTitle "CBM 179 Extra"]
[Source "ChessBase"]
[SourceDate "2017.08.23"]
[SourceVersion "1"]
[SourceVersionDate "2017.08.23"]
[SourceQuality "1"]

1. e4 c5 2. Nf3 e6 3. d4 cxd4 4. Nxd4 a6 5. Bd3 g6 6. 0-0 Bg7 7. Nb3 Ne7 8. c4 d5 9. exd5 exd5 10. cxd5 Qxd5 11. Nc3 Qd7 12. Nc5 Qc7 13. Be3 0-0 14. Rc1 Nbc6 15. Qa4 Rb8 16. Rfd1 Rd8 17. Bf1 Bf5 18. Qh4 Rxd1 19. Rxd1 Re8 20. N3e4 Bxe4 21. Qxe4 Qc8 22. Qf3 Nf5 23. Rc1 Nxe3 24. fxe3 Rxe3 25. Qd5 Re5 26. Qd1 Bh6 27. Nd3 Bxc1 28. Qxc1 Re8 29. Nf2 Qe6 30. Qf4 Qe5 31. Qh4 Qd4 32. Qg3 Kg7 33. h3 Re6 34. b3 Rf6 35. Be2 Qf4 36. Qxf4 Rxf4 37. Nd3 Rd4 38. Kf2 Rd8 39. Ke3 Re8+ 40. Kd2 Nd4 41. Bd1 b6 42. b4 f5 43. a4 a5 44. bxa5 bxa5 45. Kc3 Ne6 46. Nb2 Rc8+ 47. Nc4 Kf6 48. Bf3 Nc5 49. Nxa5 Nxa4+ 50. Kd4 Nb6 51. Nc6 Re8 52. Kc5 Nd7+ 53. Kd4 Ne5 54. Bd5 Nxc6+ 55. Bxc6 Re7 56. Bf3 Kg5 57. Kd3 Kf4 58. Bc6 Kg3 59. Kd2 f4 60. Bf3 g5 61. Bc6 Kf2 62. Bf3 Re3 63. Bc6 Rg3 64. Be4 h6 65. Kd1 Rxg2 0-1

[Event "Vellmar op 9th"]
[Site "Vellmar"]
[Date "2017.07.14"]
[Round "3"]
[White "Braun, Ingram H"]
[Black "Everett, Elijah David"]
[Result "1-0"]
[WhiteElo "2003"]
[BlackElo "2167"]
[PlyCount "51"]
[EventDate "2017.07.13"]
[EventType "swiss"]
[EventRounds "7"]
[EventCountry "GER"]
[SourceTitle "CBM 179 Extra"]
[Source "ChessBase"]
[SourceDate "2017.08.23"]
[SourceVersion "1"]
[SourceVersionDate "2017.08.23"]
[SourceQuality "1"]

1. e4 c5 2. d3 Nc6 3. g3 g6 4. Bg2 Bg7 5. Nd2 Nf6 6. c3 e5 7. Ngf3 0-0 8. 0-0 d5 9. Qe2 d4 10. h3 Ne8 11. Ne1 Nd6 12. c4 Bh6 13. f4 f6 14. Ndf3 Kg7 15. fxe5 fxe5 16. Bxh6+ Kxh6 17. a3 a5 18. Nc2 a4 19. Rf2 Be6 20. Raf1 Bg8 21. Nxe5 Nxe5 22. Rxf8 Qxf8 23. Rxf8 Rxf8 24. Ne1 b5 25. cxb5 Rb8 26. Nf3 1-0

[Event "Bad Zwesten op 17th"]
[Site "Bad Zwesten"]
[Date "2017.01.05"]
[Round "5"]
[White "Braun, Ingram H"]
[Black "Kantans, Toms"]
[Result "0-1"]
[WhiteElo "2024"]
[BlackElo "2456"]
[PlyCount "60"]
[EventDate "2017.01.02"]
[EventType "swiss"]
[EventRounds "7"]
[EventCountry "GER"]
[SourceTitle "CBM 176 Extra"]
[Source "ChessBase"]
[SourceDate "2017.03.02"]
[SourceVersion "1"]
[SourceVersionDate "2017.03.02"]
[SourceQuality "1"]

1. e4 c5 2. d3 Nc6 3. g3 Nf6 4. Bg2 d5 5. Nd2 e5 6. Ngf3 Be7 7. 0-0 0-0 8. Re1 d4 9. Nc4 Bg4 10. a4 Nd7 11. h3 Be6 12. b3 a6 13. Nh2 b5 14. Nd2 Nb6 15. f4 f6 16. f5 Bf7 17. g4 bxa4 18. bxa4 a5 19. Ndf3 c4 20. h4 Rc8 21. Bh3 cxd3 22. cxd3 Nb4 23. Re2 Rc3 24. Ne1 Bb3 25. Qd2 Nxd3 26. Nxd3 Nc4 27. Qe1 Rxd3 28. Bf1 Rd1 29. Qg3 d3 30. Rg2 Qd4+ 0-1